000 00320nam a22001337a 4500
008 171102b xxu||||| |||| 00| 0 eng d
020 _a070079218
041 _aeng
080 _23RD
_a339.138
100 _a60
101 _aMAR
245 _aMARKETING MANAGEMENT AND ADMINISTRATIVE ACTION
_cBRITT,S.H
942 _2udc
_cBK
999 _c37360
_d37360